Premier League Ever-Presents - Statistics

General Stats
  • This quiz has been taken 823 times
  • The average score is 7 of 7
Answer Stats
Hint Answer % Correct
Liverpool
99%
Manchester United
99%
Arsenal
98%
Chelsea
98%
Everton
96%
Tottenham Hotpsur
95%
Aston Villa
78%
No matching quizzes found
Score Distribution
Percent of People with Each Score
Percentile by Number Answered
Your Score History
You have not taken this quiz